Vista normal Vista MARC

Entrada Personal Name

Número de registros utilizados en: 3

001 - CONTROL NUMBER

  • control field: 34

003 - CONTROL NUMBER IDENTIFIER

  • control field: DO-SdBNP

005 - DATE AND TIME OF LATEST TRANSACTION

  • control field: 20160826095256.0

008 - FIXED-LENGTH DATA ELEMENTS

  • fixed length control field: 160826|| aca||aabn | a|a d

040 ## - CATALOGING SOURCE

  • Original cataloging agency: DO-SdBNP

100 1# - HEADING--PERSONAL NAME

  • Personal name: Hemingway, Ernest,
  • Dates associated with a name: 1899-1961

670 ## - SOURCE DATA FOUND

  • Source citation: El viejo y el mar, 2008.
  • Information found: tomado de la contracubierta.